00674nam a22002297a 450000500170000001000150001702000260003202000230005803500130008103500170009403500130011103700130012403700170013708200080015410000170016224500710017926000440025027000490029430000310034349000460037470000240042020170504170855.0 aENG-108956 a9781259064159c450.00 a1259064158c450.00 aEN-92489 aB-534720-748 aB-667483 bDBAD/PUB bBSB/Venadpl a000 aSharma, Arun aStudy package for CMAT /cby Arun Sharma [and] Meenakshi Upadhyay aNew DelhibMcGraw Hill Education c2013 aP-24,Green Park ExtensionbNew Delhie110016 avarious pagingsc28cm(pbk) aMcGraw Hill education winning edge series aUpadhyay, Meenakshi